000 00432nam a2200181Ia 4500
001 25283
005 20260414151139.0
008 260414t2007||||xx |||||||||||||| ||spa||
041 _aESP
082 _a346.431
_bL39
100 _aJurista Editores
_eAUT
245 0 _aLegislación registral y notarial
_b
260 _c2007
300 _a650 pƔginas :
_c20 cm.
650 _aDER
654 _aCDE
942 _cLIB
_dJUS
_fJUS
_2ddc
_n
999 _c25283
_d25283